La ±constitucin̤ abierta» y su interpretacin̤

Bibliographic Details
Main Author: Da̕z Revorio, Javier
Format: eBook
Language:Spanish
Published: Lima: Palestra Editores, 2004
Subjects:
Online Access:Acceso restringido

MARC

LEADER 00000nam a22000007a 4500
005 20190821004832.0
007 cr|||| ||||
008 190821s2004 pe |||||s|||| 00||0 spa d
020 |a 9972-733-64-5 
035 |a 24141 
040 |a vLex 
090 |c 9255  |d 9255 
100 1 |a Da̕z Revorio, Javier 
245 1 2 |a La ±constitucin̤ abierta» y su interpretacin̤  |h [Recurso electrn̤ico] /  |c Javier Da̕z Revorio 
256 |a Servicio en ln̕ea 
260 |a Lima:  |b Palestra Editores,  |c 2004 
300 |a 1 recurso electrn̤ico 
506 1 |a Disponible solo en los productos indicados  |d vLex Global  |d vLex Global (Academic Edition, excluding Law Schools)  |d vLex Global (U.S. Academic Edition, Law Schools)  |d vLex Global (U.S. Academic Edition, excluding Law Schools)  |d vLex Global (Academic Edition, Law Schools) 
650 0 4 |a Derecho Constitucional  |z Per︢ 
740 0 |a vLex Libros (Servicio en ln̕ea) 
856 4 0 |u http://vlex.com/source/constitucion-abierta-interpretacion-24141  |z Acceso restringido 
942 |c BOOK 
999 0 |a Constitutional right